000 00731nam a2200253Ia 4500
003 OSt
005 20221006143733.0
006 a|||||r|||| 00| 0
007 ta
008 221006b |||||||| |||| 00| 0 eng d
020 _c
_35.00
024 _a9,819
037 _cTextual
040 _aEASL
_cEASL
_beng
041 _2eng
_aeng
082 _aX8(J).41.N89, N0
100 _aFAN Shenggen
_9332219
245 0 _aRegional productivity growth in China's agriculture
260 _aBoulder
_bWestview Press
_c1990
300 _a196p.
_ccm.
490 _v CEL
_aWestview special studies in Agriculture Science and Policy
942 _hX8(J).41.N89, N0
_cTEXL
_2CC
999 _c1077905
_d1077905